00279nam a2200121Ia 4500008004100000041000900041082001800050100002000068245002300088260003000111300000800141650000800149230718s9999 xx 000 0 und d aEng. a343.03bTOR-C atorah Valentine 0aCases ad Materials aPakistanboxfard ukc1998 a627 aLaw